[Event "BL2 West 1920 (Women)"]
[Site "Germany"]
[Date "2019.12.15"]
[Round "4.2"]
[White "Braeutigam, Irina"]
[Black "Riegel, Arinna"]
[Result "1-0"]
[WhiteElo "2054"]
[BlackElo "1891"]
[PlyCount "57"]
[EventDate "2019.09.14"]
[EventType "team-tourn"]
[EventRounds "7"]
[EventCountry "GER"]
[SourceTitle "EXT 2021"]
[Source "ChessBase"]
[SourceDate "2020.10.23"]
[SourceVersion "1"]
[SourceVersionDate "2020.10.23"]
[SourceQuality "1"]
[WhiteTeam "Luebeck (W)"]
[BlackTeam "Langen (W)"]
[WhiteTeamCountry "GER"]
[BlackTeamCountry "GER"]

1. Nf3 c5 2. c4 Nf6 3. Nc3 g6 4. g3 Bg7 5. Bg2 0-0 6. d4 cxd4 7. Nxd4 Nc6 8. 0-0 Nxd4 9. Qxd4 d6 10. Rd1 Nd7 11. Qh4 Re8 12. Bg5 f6 13. Bh6 Bxh6 14. Qxh6 Ne5 15. h3 Nf7 16. Qf4 Kg7 17. c5 g5 18. Qb4 Qd7 19. Rac1 dxc5 20. Qxc5 Nd6 21. Nd5 b6 22. Qc7 Nb5 23. Qxd7 Bxd7 24. Nxf6 Nc3 25. a4 e5 26. Bb7 Bc6 27. bxc3 Bg2 28. a5 h6 29. Nd5 1-0